000 00642nam a22002177a 4500
003 OSt
005 20150114144214.0
008 141215b xxu||||| |||| 00| 0 eng d
040 _aBMC
_cBMC
082 _a808.831
082 _a860.99
100 1 _929633
_aQuiroga, Horacio
_d1878-1937
245 1 0 _aCuentos / Los Cachoros
_cHoracio Quiroga, José Luis Borges, Mario Vargas Llosa
260 _aSan Salvador
_bCanoa
_c1990
300 _a156 p.
_c17 cm
650 2 4 _917684
_aCuentos
650 2 4 _9646
_aLiteratura hispanoamericana
700 1 _94613
_aBorges, Jorge Luis
_d1899-1986
700 1 _96218
_aVargas Llosa, Mario
942 _2ddc
_cBK
999 _c16846
_d16846